Loading...

Anweshichu; Kandethiyilla

Bibliographic Details
Main Author: Parappurathu
Format: Printed Book
Language:Malayalam
Published: Author , 1958.
LEADER 00409nam a2200133Ia 4500
008 150624b xxu||||| |||| 00| | mal d
100 |a Parappurathu 
245 |c Parappurathu  |a Anweshichu; Kandethiyilla 
260 |b Author ,  |c 1958. 
300 |a 279 p. 
546 |a In Malayalam. 
942 |c BK 
999 |c 103231  |d 103231 
952 |0 1  |1 0  |4 0  |7 0  |9 104623  |a UL  |b UL  |c ST1  |d 2014-06-03  |l 0  |p 45457  |r 2014-06-03  |w 2014-06-03  |y BK  |z weeded out